LDR 01012naa#a2200169#i#450# 001 RU\\bibl\111172 005 20260416063211.4 011 ## _a1813-4327 100 ## _a20260330b2026####ek#y0rusy0150####ca 102 ## _aRU 200 1# _aПРАВОВЫЕ И ОРГАНИЗАЦИОННЫЕ АСПЕКТЫ ПРИМЕНЕНИЯ И ВНЕДРЕНИЯ НЕЙРОСЕТЕЙ ПРИ ПРОИЗВОДСТВЕ СУДЕБНЫХ ЭКСПЕРТИЗ _eЖурнальная статья 210 1# _aВолгоград _cВолгоградская академия МВД России _d2026 215 ## _a10 с. 608 ## _aЖурнальная статья _2local 675 ## _aДеятельность и организация. Общая теория информации, связи и управления (кибернетика), включая деятельность человека. 007 _aЗаключение эксперта. 343.148 _z 700 #1 _aЧернышев _gКирилл Александрович 856 4# _ava-mvd.editorum.ru _u